Team Logo - Big Sky Conference - Statistics

General Stats
  • This quiz has been taken 37 times
  • The average score is 9 of 10
Answer Stats
Picture Answer % Correct
Eastern Washington Eagles
100%
Idaho Vandals
100%
Montana Grizzlies
96%
Montana State Bobcats
92%
Portland State Vikings
92%
Northern Arizona Lumberjacks
88%
Weber State Wildcats
84%
Sacramento State Hornets
80%
Idaho State Bengals
76%
Northern Colorado Bears
60%
No matching quizzes found
Score Distribution
Percent of People with Each Score
Percentile by Number Answered
Your Score History
You have not taken this quiz